Library Logo

Pioneer International University Library Catalogue

World perspectives on international politics / (Record no. 5185)

MARC details
000 -LEADER
fixed length control field 00443cam a22001451a 4500
005 - DATE AND TIME OF LATEST TRANSACTION
control field 20250901165521.0
008 - FIXED-LENGTH DATA ELEMENTS--GENERAL INFORMATION
fixed length control field 720829s1965 maub b 000 0 eng
010 ## - LIBRARY OF CONGRESS CONTROL NUMBER
LC control number 65017334
050 00 - LIBRARY OF CONGRESS CALL NUMBER
Classification number D843 .C576
Item number .C576
082 ## - DEWEY DECIMAL CLASSIFICATION NUMBER
Classification number 327.08
245 00 - TITLE STATEMENT
Title World perspectives on international politics /
Statement of responsibility, etc. Edited by Walter C. Clemens, Jr.
260 ## - PUBLICATION, DISTRIBUTION, ETC.
Place of publication, distribution, etc. Boston ;
-- Toronto :
Name of publisher, distributor, etc. Little, Brown,
Date of publication, distribution, etc. 1965.
300 ## - PHYSICAL DESCRIPTION
Extent xiv, 481 p. :
Other physical details maps ;
Dimensions 21 cm.
942 ## - ADDED ENTRY ELEMENTS (KOHA)
Source of classification or shelving scheme Dewey Decimal Classification
Holdings
Withdrawn status Lost status Source of classification or shelving scheme Damaged status Not for loan Home library Current library Shelving location Date acquired Total checkouts Full call number Barcode Date last seen Price effective from Koha item type
    Library of Congress Classification     Main Library Main Library   05/24/2021   D843 .C576 PIU0010810 05/24/2021 05/24/2021 Books